[Event "Belgrade Premier League 2011"]
[Site "Belgrade SRB"]
[Date "2011.10.11"]
[Round "10.3"]
[White "Hrzic,I"]
[Black "Carnic,S"]
[Result "0-1"]
[WhiteElo "2319"]
[BlackElo "2343"]

1.e4 c5 2.c3 Nf6 3.e5 Nd5 4.Nf3 d6 5.Bc4 e6 6.d4 Nc6 7.Qe2 cxd4 8.cxd4 Be7
9.O-O O-O 10.h3 Na5 11.Bxd5 exd5 12.Nc3 Be6 13.Rd1 Rc8 14.Bf4 a6 15.Rac1 Re8
16.Qd3 Nc4 17.Qc2 Qd7 18.b3 Na5 19.exd6 Bxd6 20.Bxd6 Qxd6 21.Ng5 g6 22.Qd2 Nc6
23.Na4 Rc7 24.Nc5 Bc8 25.Nf3 Rce7 26.Re1 Kg7 27.Rxe7 Rxe7 28.Nd3 f6 29.Qf4 Qa3
30.Re1 Bf5 31.Rxe7+ Qxe7 32.Nc5 Be4 33.Qe3 Bxf3 34.Qxf3 Nxd4 35.Qxd5 Qe1+
36.Kh2 Ne2 37.Qxb7+ Kh6 38.h4 Qg1+ 39.Kh3 Qxf2 40.Ne4 Nf4+  0-1

[Event "Lichtenrader Autumn"]
[Site "Berlin GER"]
[Date "2011.10.11"]
[Round "4.2"]
[White "Jahnz,F"]
[Black "Feuerstack,A"]
[Result "1/2-1/2"]
[WhiteElo "2226"]
[BlackElo "2424"]

1.e4 c5 2.c3 Nf6 3.e5 Nd5 4.d4 cxd4 5.cxd4 e6 6.Nf3 d6 7.Bc4 Nc6 8.O-O Be7
9.Qe2 O-O 10.Nc3 Nxc3 11.bxc3 dxe5 12.dxe5 Qa5 13.Bd2 Rd8 14.Rfe1 Bd7 15.Bb3 Qc5
16.Qe4 Na5 17.Bc2 g6 18.Qg4 Be8 19.Nd4 Nc4 20.Bg5 Bxg5 21.Qxg5 Rd5 22.Nf3 Rad8
23.Bb3 b5  1/2-1/2

[Event "TCh-ROU Superliga 2011"]
[Site "Brasov ROU"]
[Date "2011.10.11"]
[Round "4.4"]
[White "Vajda,Le"]
[Black "Timoshenko,G"]
[Result "1-0"]
[WhiteElo "2557"]
[BlackElo "2572"]

1.e4 c5 2.c3 Nf6 3.e5 Nd5 4.d4 cxd4 5.Nf3 Nc6 6.cxd4 d6 7.Bc4 Nb6 8.Bb5 dxe5
9.Nxe5 Bd7 10.Nxd7 Qxd7 11.Nc3 Rd8 12.O-O e6 13.Be3 a6 14.Bxc6 Qxc6 15.Rc1 Nd5
16.Qf3 Be7 17.Ne4 Qb6 18.Qg3 g6 19.Bh6 Qxd4 20.Rfe1 Bb4 21.Rcd1 Qxb2 22.Rb1 Qd4
23.Qh4 Bxe1 24.Nd6+ Rxd6 25.Qxd4 Bc3 26.Qc5 Rc6 27.Qa7 b5 28.Rc1 Rc7 29.Qxa6 Ke7
30.Qxb5 Rhc8 31.a4 Rc5 32.Qd3 Bb4 33.Rxc5 Rxc5 34.Bd2 Bxd2 35.Qxd2 Nc3 36.g3 h5
37.a5 Rxa5 38.Qxc3 Rd5 39.Kg2 Rf5 40.f3 Rd5 41.g4 Kf8 42.Qh8+ Ke7 43.Kg3 Rb5
44.h4 Rd5 45.Qb8 hxg4 46.fxg4 Rd3+ 47.Kf4 Rd5 48.Qh8 Rd8 49.Qg7 Rd5 50.Qh7 Rd4+
51.Kf3 Rd5 52.h5 gxh5 53.gxh5 Kf6 54.h6 Rf5+ 55.Ke4 Re5+ 56.Kd4 Rd5+ 57.Kc4 Rg5
58.Qh8+ Kg6 59.Qg7+ Kh5 60.Qxg5+  1-0

[Event "US Chess League 2011"]
[Site "ICC INT"]
[Date "2011.10.11"]
[Round "7"]
[White "Ruan,Gordon J"]
[Black "Feng,Roland"]
[Result "0-1"]
[WhiteElo "2198"]
[BlackElo "2016"]

1.e4 c5 2.c3 Nf6 3.e5 Nd5 4.d4 cxd4 5.Nf3 e6 6.cxd4 Nc6 7.Bc4 d6 8.O-O Be7
9.Bb3 O-O 10.Qe2 Na5 11.Ba4 Bd7 12.Bxd7 Qxd7 13.Nbd2 Rac8 14.Ne4 dxe5 15.dxe5 h6
16.b3 Rfd8 17.Bd2 Nc6 18.Rfd1 Qc7 19.Rac1 Ba3 20.Rc4 b5 21.Rc2 Qb8 22.Ng3 Nce7
23.Bc1 Bb4 24.Rxc8 Rxc8 25.Bb2 Ng6 26.Bd4 Bc3 27.Rc1 b4 28.Qc2 Rc7 29.Bxc3 Rxc3
30.Qd2 Nxe5 31.Nxe5 Qxe5 32.Ne2 Rxc1+ 33.Nxc1 a5 34.h3 Qe4 35.Ne2 Kh7 36.Kh2 g6
37.Nd4 Nf4 38.f3 Qe5 39.g3 Nd5 40.f4 Qe4 41.Nc2 e5 42.fxe5 Qxe5 43.Nd4 Nf6
44.Qf4 Qe7 45.g4 Nd5 46.Qf2 Qe5+ 47.Kg1 Nf4 48.Kf1 Kg7 49.h4 Qe4 50.Nf3 Qd3+
51.Ke1 Qb1+ 52.Kd2 Qxa2+ 53.Ke3 Nd5+  0-1

[Event "Mitropa Cup Women"]
[Site "Merlimont FRA"]
[Date "2011.10.11"]
[Round "5"]
[White "Brunello,M"]
[Black "Kessler,Mi"]
[Result "1-0"]
[WhiteElo "2215"]
[BlackElo "2018"]

1.e4 c5 2.c3 Nf6 3.e5 Nd5 4.d4 cxd4 5.Nf3 e6 6.cxd4 b6 7.Nc3 Nxc3 8.bxc3 Qc7
9.Bd2 Bb7 10.Bd3 d6 11.O-O Nd7 12.exd6 Bxd6 13.h3 O-O 14.Re1 e5 15.dxe5 Nxe5
16.Nxe5 Bxe5 17.Bxh7+ Kxh7 18.Qh5+ Kg8 19.Rxe5 Rad8 20.Bf4 Qxc3 21.Rae1 Qc4
22.Bc1 Rd5 23.Ba3 Rxe5 24.Qxe5 Rc8 25.Bb2 f6 26.Qe7 Qc7 27.Qe6+ Qf7 28.Qg4 Rc4
29.Qg3 Re4 30.Rc1 Re7 31.Rd1 Qe6 32.Rd8+ Kf7 33.Ba3 Qe1+ 34.Kh2 Qe4 35.Bxe7 Qxe7
36.Rd3 g5 37.Re3 Qd7 38.h4 gxh4 39.Qxh4 Qf5 40.a3 b5 41.Qd4 a6 42.Qd6 Bd5
43.Qe7+ Kg6 44.Rg3+  1-0

[Event "ch-UKR w 2011"]
[Site "Poltava UKR"]
[Date "2011.10.12"]
[Round "6.5"]
[White "Goreskul,A"]
[Black "Tsirulnik,Mari"]
[Result "1-0"]
[WhiteElo "2199"]
[BlackElo "2168"]

1.e4 c5 2.c3 Nf6 3.e5 Nd5 4.g3 d6 5.exd6 Qxd6 6.Bg2 Nc6 7.Na3 Bf5 8.Nc4 Qd7
9.Ne2 e6 10.d4 Rd8 11.Ne3 Nxe3 12.Bxe3 Bg4 13.f3 cxd4 14.Nxd4 Bh5 15.Qe2 Be7
16.O-O O-O 17.Rad1 Qc7 18.g4 Bg6 19.f4 Rfe8 20.Nxc6 bxc6 21.Qc4 c5 22.Qa4 f6
23.Qc6 Qxc6 24.Bxc6 Rf8 25.Bd7 Bf7 26.b3 Rb8 27.c4 Rfd8 28.Rd2 Rb6 29.Rfd1 Kf8
30.f5 e5 31.Kf2 Be8 32.Bxe8 Rxd2+ 33.Rxd2 Kxe8 34.Kf3 Rc6 35.Ke4 h6 36.h4 Ra6
37.Rg2 Kd7 38.g5 hxg5 39.hxg5 Rb6 40.Rd2+ Rd6 41.gxf6 gxf6 42.Rd5 Kc6 43.Rxc5+ Kb7
44.Rb5+ Ka6 45.Rd5 Rxd5 46.Kxd5 Kb7 47.Ke6 Bd8 48.Kd7 Ba5 49.c5  1-0

[Event "II Oliver Gonzalez Memorial"]
[Site "Madrid ESP"]
[Date "2011.10.14"]
[Round "7.10"]
[White "Bolea Jover,J"]
[Black "Martin Rueda,D"]
[Result "1/2-1/2"]
[WhiteElo "2021"]
[BlackElo "2311"]

1.e4 c5 2.c3 Nf6 3.e5 Nd5 4.d4 cxd4 5.cxd4 d6 6.Nf3 Nc6 7.Bc4 Nb6 8.Bb5 dxe5
9.Nxe5 Bd7 10.Nxd7 Qxd7 11.O-O Rd8 12.Nc3 e6 13.Re1 Be7 14.Be3 O-O 15.Qf3 Nxd4
16.Bxd4 Qxd4 17.Rad1 Qb4 18.Qxb7 Bf6 19.Qxa7 Qxb2 20.Rxd8 Bxd8 21.Re3 Nd5
22.Nxd5 Qxb5 23.Nc3 Qb2 24.Qd7 Bf6 25.Nd1 Qxa2 26.Rd3 h6 27.Qb5 Rc8 28.h3 Qa1
29.Kh2 Rc1 30.Qd7 Qe5+ 31.g3 Qe1 32.h4 g6 33.Qa4 Kg7 34.Rd7 Be5 35.Qb3 Rxd1
36.Rxd1 Qxf2+ 37.Kh3 Qf5+ 38.Kg2 Qe4+ 39.Qf3 Qc2+ 40.Kh3 g5 41.hxg5 hxg5
42.Rd7 Qh7+ 43.Kg2 Qc2+ 44.Kh3 Qh7+ 45.Kg2 Qc2+ 46.Kh3  1/2-1/2

[Event "Chigorin Memorial Open"]
[Site "St Petersburg RUS"]
[Date "2011.10.14"]
[Round "1.89"]
[White "Puzko,Danila"]
[Black "Tilicheev,V"]
[Result "0-1"]
[WhiteElo "1955"]
[BlackElo "2389"]

1.e4 c5 2.c3 Nf6 3.e5 Nd5 4.d4 cxd4 5.Nf3 Nc6 6.cxd4 d6 7.Bc4 Nb6 8.Bb5 dxe5
9.Nxe5 Bd7 10.Bxc6 Bxc6 11.O-O Bd5 12.Nc3 e6 13.Be3 Be7 14.Rc1 O-O 15.a3 f6
16.Nf3 Bc6 17.Nd2 Nd5 18.Qe2 Nxc3 19.Rxc3 Qd5 20.Qf3 Qb5 21.Qh3 Bd5 22.b4 a5
23.Rfc1 axb4 24.axb4 Bxb4 25.Rc7 Bd6 26.R7c3 Ra3 27.Ne4 Rxc3 28.Nxc3 Qb3
29.Bd2 Rc8 30.Qe3 Bb4 31.h3 Kf7 32.Kh2 Bd6+ 33.g3 Rc6 34.Rb1 Rxc3 35.Rxb3 Rxb3
36.Qe1 h6 37.Bf4 Bxf4 38.gxf4 Rf3 39.Qd2 Kg6 40.Qe1 Rxf4 41.Qc3 Rxf2+ 42.Kg1 Rf3
43.Qc8 Rxh3 44.Qe8+ Kh7 45.Qf7 Rh4  0-1

[Event "5th SPICE Cup GpB"]
[Site "Lubbock USA"]
[Date "2011.10.15"]
[Round "1"]
[White "Sevillano,E"]
[Black "Amanov,M"]
[Result "1/2-1/2"]
[WhiteElo "2490"]
[BlackElo "2541"]

1.e4 c5 2.c3 Nf6 3.e5 Nd5 4.Nf3 d6 5.d4 cxd4 6.cxd4 Nc6 7.Bc4 Nb6 8.Bb3 dxe5
9.Nxe5 Nxe5 10.dxe5 Qxd1+ 11.Bxd1 Bd7 12.Bf3 Rc8 13.Nc3 Bc6 14.Bxc6+ Rxc6
15.Be3 e6 16.Bxb6 Rxb6 17.O-O-O Bb4 18.Ne4 Ke7 19.Rd3 Rd8 20.Rhd1 Rc6+ 21.Kb1 Rxd3
22.Rxd3 Rc4 23.f3 a6 24.a3 Ba5 25.Nd6 Rc7 26.f4 Bb6 27.Rg3 g6 28.Rd3 Bg1
29.h4 h5 30.g3 Ba7 31.b4 Bb8 32.Ne4 Rd7 33.Kc2 Rxd3 34.Kxd3 b6 35.a4 Bc7
36.Kc4 Kd7 37.b5 a5 38.Kd4 Bd8 39.Ke3 Be7 40.Kf3 Bb4 41.g4 Be1 42.Ke2 Bxh4
43.g5 Kc7 44.Nd6 Bg3 45.Kf3 Be1 46.Nxf7 Kd7 47.Ke2 Bg3 48.Kf3 Be1 49.Nh8 Ke8
50.Ke2 Bg3 51.Kf3 Be1 52.Nxg6 Kf7 53.f5 exf5 54.Nf4 h4 55.Nd5 Bd2 56.Nxb6 Bxg5
57.Nc4 Bd8 58.b6 Ke6 59.b7 Bc7 60.Nxa5 Kxe5 61.Nc6+ Kd6 62.Nd4 Bb8 63.Nxf5+  1/2-1/2

[Event "Chigorin Memorial Open"]
[Site "St Petersburg RUS"]
[Date "2011.10.15"]
[Round "2.61"]
[White "Matsenko,A"]
[Black "Shomoev,A"]
[Result "0-1"]
[WhiteElo "2116"]
[BlackElo "2577"]

1.e4 c5 2.c3 Nf6 3.e5 Nd5 4.Nf3 e6 5.d4 cxd4 6.cxd4 b6 7.Nc3 Nxc3 8.bxc3 Qc7
9.Bd2 d6 10.Bb5+ Nd7 11.O-O a6 12.exd6 Bxd6 13.Bd3 Bb7 14.h3 O-O 15.Re1 Rfc8
16.Rc1 Bc6 17.c4 Qb7 18.Bc3 Bf4 19.Rb1 Qc7 20.Qc2 Bxf3 21.gxf3 Nf8 22.Qb2 b5
23.c5 Qd8 24.Be4 Rab8 25.Qa3 Qg5+ 26.Kf1 f5 27.Bd3 Rd8 28.Qxa6 Qh5 29.Ke2 Bg5
30.Rxb5 Ra8 31.Qc6 Kh8 32.Bc4 e5 33.Kd3 Ng6 34.Kc2 exd4 35.Bxd4 Qh4 36.Rd1 Ne5
37.Qc7 Rxd4 38.Rb8+ Rxb8 39.Qxb8+ Rd8 40.Rxd8+ Bxd8 41.Bd5 Qxf2+  0-1

[Event "Chigorin Memorial Open"]
[Site "St Petersburg RUS"]
[Date "2011.10.16"]
[Round "3.110"]
[White "Sladkov,Andrey"]
[Black "Andronov,I"]
[Result "1/2-1/2"]
[WhiteElo "1885"]
[BlackElo "2129"]

1.e4 c5 2.c3 Nf6 3.e5 Nd5 4.d4 cxd4 5.Nf3 e6 6.cxd4 b6 7.Be2 d6 8.O-O Nd7
9.Bd2 dxe5 10.dxe5 Qc7 11.Nc3 Nxc3 12.Bxc3 Bb7 13.Qa4 a6 14.Qf4 Be7 15.Rac1 O-O
16.Rfd1 Rad8 17.Bb4 Nc5 18.Bxc5 bxc5 19.Kf1 Qb6 20.b3 h6 21.Rxd8 Rxd8 22.Rd1 Rxd1+
23.Bxd1 Qa5 24.Qd2 Qxd2 25.Nxd2 Bd5 26.Nc4 Kf8 27.g3 Bd8 28.f4 Ke7 29.Kf2 f6
30.exf6+ gxf6 31.Bf3 Bxc4 32.bxc4 Kd6 33.Bb7 a5 34.a4 f5 35.Bc8 Ke7 36.Kf3 Kf6
37.Bd7 e5 38.fxe5+ Kxe5 39.h3 Bg5 40.Bc8 Bc1  1/2-1/2

[Event "Chigorin Memorial Open"]
[Site "St Petersburg RUS"]
[Date "2011.10.16"]
[Round "3.12"]
[White "Deviatkin,A"]
[Black "Malakhov,I"]
[Result "1-0"]
[WhiteElo "2580"]
[BlackElo "2428"]

1.e4 c5 2.c3 Nf6 3.e5 Nd5 4.d4 cxd4 5.Qxd4 e6 6.Bd3 Nc6 7.Qe4 d6 8.exd6 Bxd6
9.Nf3 Qc7 10.O-O Bd7 11.Na3 f5 12.Qh4 Bxa3 13.bxa3 Ne5 14.Nxe5 Qxe5 15.Bd2 O-O
16.c4 Nf6 17.Bb4 Rfe8 18.Rfe1 Qc7 19.Bc3 Bc6 20.Re3 Ne4 21.Bxe4 Bxe4 22.Bxg7 Qxg7
23.Rg3 Rad8 24.Rxg7+ Kxg7 25.Qg5+ Kf7 26.Qh5+ Kg7 27.Re1 Re7 28.f3 Bc6 29.Qg5+ Kf7
30.Qh6 Rh8 31.Re5 Bd7 32.Rc5 Bc6 33.Re5 Bd7 34.Kf2 Ke8 35.Qe3 Kf7 36.Qxa7 Bc6
37.Qd4 Rg8 38.Qh4 Rg7 39.Qh6 Re8 40.h3 Bd7 41.g4 fxg4 42.hxg4 Rc8 43.c5 Ra8
44.Qd2 Bc6 45.Qf4+ Kg8 46.Rxe6 Rxa3 47.Qb8+ Kf7 48.Qe5 Rg6 49.Qf5+ Kg8 50.Rxg6+ hxg6
51.Qxg6+ Kf8 52.Qf6+ Kg8 53.Kg3  1-0

[Event "Chigorin Memorial Open"]
[Site "St Petersburg RUS"]
[Date "2011.10.16"]
[Round "3.57"]
[White "Chekhov,S"]
[Black "Shaidullina,S"]
[Result "1-0"]
[WhiteElo "2414"]
[BlackElo "2191"]

1.e4 c5 2.c3 Nf6 3.e5 Nd5 4.d4 cxd4 5.Qxd4 e6 6.Bc4 Nc6 7.Qe4 f5 8.Qe2 Qh4
9.Bxd5 exd5 10.Nf3 Qe4 11.Be3 Nxe5 12.Nxe5 Qxe5 13.Nd2 Be7 14.f4 Qe6 15.Nb3 Bf6
16.Qd2 O-O 17.O-O b6 18.Nd4 Qe4 19.Rfe1 Ba6 20.Rad1 Qe7 21.Nxf5 Qe6 22.Ng3 d4
23.Bxd4 Bxd4+ 24.Qxd4 Qxa2 25.Re7 Rf7 26.Rxf7 Qxf7 27.Qxd7 Qxd7 28.Rxd7 Bb5
29.Rc7 Rd8 30.Ne4 Rd1+ 31.Kf2 a5 32.Ng5 g6 33.Ke3 Rb1 34.Rc8+ Kg7 35.Rc7+ Kg8
36.Rb7 Rxb2 37.Rxb6 Rb3 38.Rb8+ Kg7 39.Rb7+ Kg8 40.Kd2 Bc4 41.Rxh7 a4 42.Ra7 a3
43.Ke3 Bf1 44.Kd4 Bxg2 45.Ne6 Bf3 46.h3 Bg2 47.h4 Rb6 48.Ke5 Rb5+ 49.Kd4 Rd5+
50.Ke3 Rh5 51.Rxa3 Rxh4 52.Ng5 Rh1 53.Ra6 Kg7 54.Ra7+ Kg8 55.Kd4 Rd1+ 56.Ke3 Rc1
57.Rc7 Ra1 58.c4 Rc1 59.Kd4 Bf1 60.c5 Rc4+ 61.Ke5 Bg2 62.Kf6 Rxf4+ 63.Kxg6 Bd5
64.c6 Rf8 65.Rg7+ Kh8 66.Nf7+ Rxf7 67.Rxf7 Kg8 68.Rf6 Bg2 69.c7 Bh3 70.Rf5  1-0

[Event "Chigorin Memorial Open"]
[Site "St Petersburg RUS"]
[Date "2011.10.16"]
[Round "3.118"]
[White "Mironova,N"]
[Black "Lysenko,Mar"]
[Result "0-1"]
[WhiteElo "1811"]
[BlackElo "2019"]

1.e4 c5 2.c3 Nf6 3.e5 Nd5 4.d4 cxd4 5.Nf3 Nc6 6.cxd4 d6 7.Bc4 Nb6 8.Bb5 dxe5
9.Nxe5 Bd7 10.Nxd7 Qxd7 11.Nc3 e6 12.O-O Be7 13.Qg4 O-O 14.Bh6 Bf6 15.Rfd1 Kh8
16.Bxc6 Qxc6 17.Ne4 Bxd4 18.Rxd4 gxh6 19.Qf4 Nd5 20.Nf6 Nxf4  0-1

[Event "5th SPICE Cup GpB"]
[Site "Lubbock USA"]
[Date "2011.10.17"]
[Round "4"]
[White "Sevillano,E"]
[Black "Arnold,Mar"]
[Result "1/2-1/2"]
[WhiteElo "2490"]
[BlackElo "2505"]

1.e4 c5 2.c3 Nf6 3.e5 Nd5 4.d4 cxd4 5.Nf3 Nc6 6.Bc4 Nb6 7.Bb3 d5 8.exd6 Qxd6
9.O-O Be6 10.Bxe6 Qxe6 11.Nxd4 Nxd4 12.Qxd4 Rd8 13.Qh4 Qe2 14.Nd2 e5 15.Qg3 f6
16.Qh3 Kf7 17.a4 Bc5 18.g3 Rxd2 19.Bxd2 Qxd2 20.b4 Be7 21.a5 Qd7 22.Qh5+ g6
23.Qe2 Nd5 24.Rad1 Qc6 25.Qa2 Rd8 26.Rd3 Qe6 27.Rfd1 Nf4 28.Qxe6+ Nxe6 29.Rxd8 Nxd8
30.a6 Ke6 31.axb7 Nxb7 32.Ra1 Nd6 33.Ra6 Kf7 34.Rxa7 Nb5 35.Rb7 Nxc3 36.b5 Ke6
37.b6 Nd5 38.Rb8 Bd6 39.Re8+ Kd7 40.Rh8 Nxb6 41.Rxh7+ Ke6 42.h4 Nd5 43.h5 gxh5
44.Rxh5 e4 45.Rh8 Nc3 46.Kf1 Bc5 47.Ke1 Kd5 48.Rd8+ Kc4 49.Rc8 Kd4 50.Rd8+ Nd5
51.Ke2 Ke5 52.Re8+ Kf5 53.Rh8 Kg4 54.Rg8+ Kf5 55.Rh8 Nc3+ 56.Ke1 Bd4 57.Rd8 Ke5
58.Re8+ Kd5 59.Rc8 Na4 60.Ke2 Nc5 61.Rd8+ Kc4 62.Re8 Kd5 63.Rd8+ Kc4 64.Re8 Na4
65.Rxe4 Nc3+ 66.Kf3 Nxe4 67.Kxe4 Kc5 68.Kf5  1/2-1/2

[Event "5th SPICE Cup GpB"]
[Site "Lubbock USA"]
[Date "2011.10.18"]
[Round "6"]
[White "Sevillano,E"]
[Black "Bykhovsky,An ISR"]
[Result "0-1"]
[WhiteElo "2490"]
[BlackElo "2521"]

1.e4 c5 2.c3 Nf6 3.e5 Nd5 4.d4 cxd4 5.Nf3 Nc6 6.Bc4 Nb6 7.Bb3 d5 8.exd6 Qxd6
9.Na3 Be6 10.Nb5 Qd7 11.Bxe6 Qxe6+ 12.Be3 Qd7 13.Nbxd4 Nxd4 14.Bxd4 Qe6+
15.Be3 Rd8 16.Qb3 Nc4 17.Nd4 Qa6 18.O-O-O Nxe3 19.fxe3 e6 20.Nb5 Rc8 21.Rd4 Bc5
22.Ra4 Bxe3+ 23.Kb1 Qb6 24.Nxa7 Qxb3 25.axb3 Rd8 26.Nb5 Ke7 27.Re1 Bb6 28.Na3 Bc7
29.Ra7 Bxh2 30.Rxb7+ Rd7 31.Rxd7+ Kxd7 32.b4 h5 33.c4 h4 34.c5 g5 35.b5 g4
36.c6+ Kc7 37.Nc4 h3 38.gxh3 g3 39.Re2 Bg1 40.Rd2 Rd8 41.Rg2 Bf2 42.Ne5 f5
43.Kc2 f4 44.h4 Rd5 45.Ng4 f3 46.Rxf2 g2  0-1

[Event "5th SPICE Cup GpB"]
[Site "Lubbock USA"]
[Date "2011.10.19"]
[Round "8"]
[White "Sevillano,E"]
[Black "Milman,L"]
[Result "1-0"]
[WhiteElo "2490"]
[BlackElo "2452"]

1.e4 c5 2.c3 Nf6 3.e5 Nd5 4.Nf3 d6 5.d4 cxd4 6.Qxd4 e6 7.Nbd2 a6 8.Nc4 Nc6
9.Qe4 dxe5 10.Ncxe5 Nxe5 11.Nxe5 Bd6 12.g3 Qc7 13.Nc4 Be7 14.Bg2 b5 15.Ne3 Bb7
16.O-O O-O 17.Re1 Rad8 18.Ng4 Ba8 19.Qe2 Rc8 20.Bd2 Rfd8 21.a4 Nb6 22.Bxa8 Rxa8
23.axb5 axb5 24.Rxa8 Nxa8 25.Bf4 Qc6 26.Qe5 Rc8 27.h4 Nb6 28.h5 Nc4 29.Qe2 f5
30.Ne5 Nxe5 31.Bxe5 Qc4 32.Qe3 Kf7 33.Qa7 Qc5 34.Qa2 Qc4 35.b3 Qc6 36.Qe2 Rd8
37.c4 bxc4 38.bxc4 Bb4 39.Rb1 Rd2 40.Qe3 Qxc4 41.Qg5 Qc5 42.Qxg7+ Ke8 43.Qg8+ Kd7
44.Qxh7+ Kc6 45.Qc7+ Kd5 46.Rf1 Qxc7 47.Bxc7 Bc5 48.h6 Bd4 49.h7 Bf6 50.Bf4 Rd3
51.Rb1 Ke4 52.Kg2 Rd8 53.Re1+ Kd5 54.Rd1+ Bd4 55.Bg5 Rf8 56.Bf6  1-0

[Event "Chigorin Memorial Open"]
[Site "St Petersburg RUS"]
[Date "2011.10.19"]
[Round "6.123"]
[White "Skafar,Darya"]
[Black "Puzko,Danila"]
[Result "0-1"]
[WhiteElo "1735"]
[BlackElo "1955"]

1.e4 c5 2.c3 Nf6 3.e5 Nd5 4.d4 cxd4 5.Nf3 Nc6 6.cxd4 d6 7.Bc4 e6 8.O-O Be7
9.a3 O-O 10.Re1 b6 11.Bd2 Bb7 12.Nc3 Nxc3 13.Bxc3 dxe5 14.dxe5 Qc7 15.Qe2 Rac8
16.Ba2 Rfd8 17.Red1 Bf8 18.Rac1 g6 19.h3 Bg7 20.b4 Rxd1+ 21.Rxd1 Ne7 22.Bb2 Nd5
23.Rc1 Qd7 24.Qd2 Rc7 25.Bb3 Qc8 26.Rc2 Rxc2 27.Qxc2 Qxc2 28.Bxc2 Nf4 29.Bd1 Nd3
30.Bc3 Bxf3 31.Bxf3 Bxe5 32.Bxe5 Nxe5 33.Be2 Kf8 34.Bb5 Ke7 35.Kf1 Nd7 36.Ke2 Nf6
37.Kd3 Nd5 38.g3 Kd6 39.Bc4 e5 40.f3 f5 41.Bb3 Nf6 42.Ke3 b5 43.Bc2 Nd5+
44.Kd3 Ne7 45.Ke3 Nc6 46.Bd3 Nd4 47.Bb1 h6 48.h4 g5 49.hxg5 hxg5 50.Kf2 f4
51.g4 Nc6 52.Bd3 a6 53.Be4 a5 54.Bxc6 Kxc6 55.Ke2 axb4 56.axb4 Kd5 57.Kd3 e4+
58.fxe4+ Ke5 59.Ke2 Kxe4  0-1

[Event "Chigorin Memorial Open"]
[Site "St Petersburg RUS"]
[Date "2011.10.20"]
[Round "7.26"]
[White "Vysochin,S"]
[Black "Bodnaruk,A"]
[Result "1/2-1/2"]
[WhiteElo "2558"]
[BlackElo "2417"]

1.e4 c5 2.c3 Nf6 3.e5 Nd5 4.Nf3 Nc6 5.Bc4 Nb6 6.Bb3 c4 7.Bc2 d6 8.exd6 Qxd6
9.O-O g6 10.b3 Bg7 11.Na3 cxb3 12.axb3 O-O 13.Nc4 Nxc4 14.bxc4 Qc7 15.d4 Na5
16.c5 b6 17.Rxa5 bxa5 18.Re1 Bg4 19.h3 Bxf3 20.Qxf3 e5 21.Be3 f5 22.d5 f4
23.d6 fxe3 24.Bb3+ Kh8 25.dxc7 Rxf3 26.gxf3 Rc8 27.c6 Rxc7 28.Bd5 a4 29.fxe3 a3
30.Rb1 Bf8 31.Kf2 Kg7 32.Rb5 Kf6 33.Ra5 Bd6 34.Ke2 Kg5 35.Ra6 Kf6 36.Kd3 Bc5
37.Ra5 Bd6 38.Kc4 Kg5 39.Kb5 Kh4 40.Be6 Kg3 41.c4 Kxf3 42.c5 Be7 43.Rxa3 Ke4
44.Ra1 Kxe3 45.Rd1 e4 46.Bg8 h6 47.Bh7 Bxc5 48.Bxg6 Bd4 49.Rc1 Kf4 50.Rf1+ Ke3
51.Re1+ Kf2 52.Rxe4 a6+ 53.Kb4 Rxc6 54.Bf5 Bc3+ 55.Kb3 Bd2 56.Re6 Rxe6 57.Bxe6 a5  1/2-1/2

[Event "Corsica Masters 2011"]
[Site "Bastia FRA"]
[Date "2011.10.22"]
[Round "1"]
[White "Dubois,Mart"]
[Black "Ghaem Maghami,E"]
[Result "0-1"]
[WhiteElo "2017"]
[BlackElo "2583"]

1.e4 c5 2.c3 Nf6 3.e5 Nd5 4.d4 cxd4 5.Nf3 Nc6 6.cxd4 d6 7.Bc4 Nb6 8.Bb3 d5
9.Nh4 e6 10.Nf3 Bd7 11.Nc3 Be7 12.Bc2 Rc8 13.O-O a6 14.Re1 Nc4 15.a3 Qb6
16.b3 N4a5 17.Re3 Qc7 18.Ne2 Nxe5 19.Ne1 Ng6 20.f4 Nc6 21.g3 O-O 22.h4 f5
23.Bb2 Nh8 24.Rc1 Qb6 25.Nf3 Bf6 26.Kf2 Nf7 27.Ne5 Be8 28.Nf3 Nh6 29.Rxe6 Bf7
30.Rxf6 gxf6 31.Qd3 Rfe8 32.Nc3 Re7 33.Nh2 Qxd4+ 34.Qxd4 Nxd4 35.Nxd5 Re2+
36.Kg1 Bxd5 37.Ra1  0-1

[Event "Chigorin Memorial Open"]
[Site "St Petersburg RUS"]
[Date "2011.10.22"]
[Round "9.33"]
[White "Chekhov,S"]
[Black "Goganov,A"]
[Result "1/2-1/2"]
[WhiteElo "2414"]
[BlackElo "2500"]

1.e4 c5 2.c3 Nf6 3.e5 Nd5 4.d4 cxd4 5.Qxd4 e6 6.Bc4 Nc6 7.Qe4 d6 8.exd6 Nf6
9.Qe2 Bxd6 10.Bg5 Qa5 11.Bxf6 gxf6 12.Nf3 Bd7 13.Nbd2 O-O-O 14.Ne4 Be7 15.O-O-O Ne5
16.Nd6+ Bxd6 17.Rxd6 Nxf3 18.Qxf3 Qg5+ 19.Qe3 Qxg2 20.Rhd1 Qg5 21.f4 Qa5
22.Ba6 Ba4 23.Bxb7+ Kxb7 24.Qe4+ Kc7 25.Qc4+ Kb7 26.Qe4+ Kc7 27.Qc4+ Kb7
28.Qe4+  1/2-1/2

[Event "TCh-BEL 2011-12"]
[Site "Belgium BEL"]
[Date "2011.10.23"]
[Round "2.3"]
[White "Lemmers,O"]
[Black "Bezemer,A"]
[Result "1/2-1/2"]
[WhiteElo "2382"]
[BlackElo "2351"]

1.e4 c5 2.c3 Nf6 3.e5 Nd5 4.Nf3 e6 5.Bc4 d6 6.d4 cxd4 7.cxd4 Nc6 8.O-O Be7
9.Re1 O-O 10.exd6 Qxd6 11.Nc3 a6 12.Bb3 Rd8 13.Nxd5 exd5 14.Ne5 Nxe5 15.Bf4 Bg4
16.Bxe5 Bxd1 17.Bxd6 Rxd6  1/2-1/2

[Event "26th Le Touquet Open"]
[Site "Le Touquet FRA"]
[Date "2011.10.23"]
[Round "2.21"]
[White "Luco,A"]
[Black "Levers,T"]
[Result "1-0"]
[WhiteElo "2084"]
[BlackElo "1933"]

1.e4 c5 2.c3 Nf6 3.e5 Nd5 4.d4 cxd4 5.Nf3 d6 6.Qxd4 e6 7.Bc4 Nc6 8.Qe4 f5
9.Qe2 dxe5 10.Nxe5 Nxe5 11.Qxe5 Qd6 12.Qxd6 Bxd6 13.O-O Bd7 14.Nd2 Bc6 15.Nf3 O-O
16.Re1 Rae8 17.Be3 b5 18.Bb3 a5 19.Nd4 Bd7 20.Bxd5 exd5 21.Nf3 b4 22.Bd4 bxc3
23.Bxc3 Bb4 24.Bxb4 axb4 25.a3 bxa3 26.bxa3 Ba4 27.Nd2 Kf7 28.f3 Rxe1+ 29.Rxe1 Re8
30.Rxe8 Kxe8 31.Kf2 f4 32.g3 g5 33.gxf4 gxf4 34.Nb1 d4 35.Ke2 Bc2 36.Nd2 Kd7
37.Nc4 Ke6 38.Nb2 Kf6 39.a4 Ke5 40.a5 Kd6 41.Nd3 Kc6 42.Nb4+ Kb5  1-0

[Event "12th Liberec Open"]
[Site "Liberec CZE"]
[Date "2011.10.23"]
[Round "2"]
[White "Pedersen,HB"]
[Black "Rous,D"]
[Result "1-0"]
[WhiteElo "2118"]
[BlackElo "1960"]

1.e4 c5 2.c3 Nf6 3.e5 Nd5 4.Nf3 e6 5.Bc4 Nb6 6.Bb3 Nc6 7.d4 cxd4 8.cxd4 Qc7
9.O-O d6 10.Qe2 dxe5 11.dxe5 a6 12.Nc3 Be7 13.Qe4 Nd7 14.Re1 Nc5 15.Qg4 g6
16.Bc2 b5 17.Bh6 Bb7 18.Rad1 Nd7 19.Qf4 b4 20.Ne4 Ncxe5 21.Nxe5 Nxe5 22.Ba4+  1-0

[Event "12th Liberec Open"]
[Site "Liberec CZE"]
[Date "2011.10.23"]
[Round "2"]
[White "Thorsteinsdottir,H"]
[Black "Dambrauskas,V"]
[Result "0-1"]
[WhiteElo "2023"]
[BlackElo "2316"]

1.e4 c5 2.c3 Nf6 3.e5 Nd5 4.d4 cxd4 5.Nf3 e6 6.cxd4 b6 7.Bd3 Ba6 8.O-O Bxd3
9.Qxd3 Nc6 10.Bg5 Qc7 11.a3 h6 12.Bh4 d6 13.Re1 dxe5 14.dxe5 Be7 15.Bxe7 Ndxe7
16.Nc3 Rd8 17.Qe2 O-O 18.Nb5 Qb8 19.Rac1 Rd5 20.Nc3 Rd7 21.Qe4 Rfd8 22.Ne2 Rc8
23.Nf4 Nd5 24.Nh5 Nce7 25.Rxc8+ Qxc8 26.Nh4 Rc7 27.Qg4 g6 28.Nf6+ Nxf6 29.exf6 Rc1
30.Qe2 Nd5 31.h3 Nxf6 32.Rxc1 Qxc1+ 33.Kh2 Qf4+ 34.g3 Qe4 35.Qd2 Kg7 36.Ng2 Nd5
37.Ne1 a5 38.Nc2 h5 39.h4 Qe5 40.Nd4 Qe4 41.Ne2 Kh7 42.Ng1 Kg7 43.Nh3 f6
44.Ng1 Qf5 45.Kg2 Ne7 46.Qe3 Qd5+ 47.Kh2 Qc6 48.Qd2 Nf5 49.Qe2 Nd4 50.Qe3 e5
51.Qd3 b5 52.b4 a4 53.Qe3 Qd5 54.Qc3 Qc4 55.Qe3 Nc2 56.Qf3 e4 57.Qd1 Nd4
58.Qe1 Nc2 59.Qd1 Nxa3 60.Qd7+ Qf7 61.Qc6 Qa7 62.Qxe4 Nc4 63.Kg2 a3 64.Qe1 a2
65.Qa1 Qa8+ 66.Kh2 Qa3  0-1

[Event "12th Liberec Open"]
[Site "Liberec CZE"]
[Date "2011.10.23"]
[Round "2"]
[White "Eriksson,C"]
[Black "Voelz,S"]
[Result "1-0"]
[WhiteElo "2126"]
[BlackElo "1963"]

1.e4 c5 2.c3 Nf6 3.e5 Nd5 4.d4 cxd4 5.Nf3 Nc6 6.cxd4 d6 7.Bc4 Nb6 8.Bb3 dxe5
9.d5 Nd4 10.Nxd4 exd4 11.Qxd4 e6 12.Nc3 exd5 13.O-O Be7 14.Qxg7 Bf6 15.Qh6 Be6
16.Bf4 a6 17.Rfe1 Rg8 18.Bg3 Bg7 19.Rxe6+  1-0

[Event "26th Le Touquet Open"]
[Site "Le Touquet FRA"]
[Date "2011.10.24"]
[Round "3.10"]
[White "Tillet,L"]
[Black "Devoille,H"]
[Result "1-0"]
[WhiteElo "2227"]
[BlackElo "1834"]

1.e4 c5 2.c3 Nf6 3.e5 Nd5 4.Nf3 e6 5.Bc4 d6 6.d4 cxd4 7.cxd4 Nb6 8.Bd3 dxe5
9.dxe5 Nc6 10.a3 Be7 11.O-O O-O 12.Qe2 Bd7 13.Qe4 g6 14.Bh6 Re8 15.Nc3 a6
16.Rad1 Bf8 17.Bxf8 Rxf8 18.Qg4 Nd5 19.Ne4 Qe7 20.Bc4 Kg7 21.Qg3 Nb6 22.Ba2 Rfd8
23.Nd6 Be8 24.Ng5 h6 25.Nge4 Na7 26.f4 Kh8 27.f5 exf5 28.Nf6 Rxd6 29.Rxd6 Bc6
30.Qe3  1-0

[Event "26th Le Touquet Open"]
[Site "Le Touquet FRA"]
[Date "2011.10.24"]
[Round "4.23"]
[White "Luco,A"]
[Black "Renard,S"]
[Result "1/2-1/2"]
[WhiteElo "2084"]
[BlackElo "1979"]

1.e4 c5 2.c3 Nf6 3.e5 Nd5 4.d4 cxd4 5.Nf3 Nc6 6.Bc4 Nb6 7.Bb3 d5 8.exd6 Qxd6
9.O-O Be6 10.Na3 dxc3 11.Qe2 Bxb3 12.Nb5 Qb8 13.axb3 e5 14.Nbd4 Nxd4 15.Nxd4 f6
16.bxc3 Kf7 17.Nb5 a6 18.Be3 axb5 19.Bxb6 Rxa1 20.Rxa1 Qe8  1/2-1/2